Multiple Choice City Quiz – Irvine - Statistics

General Stats
  • This quiz has been taken 27 times
  • The average score is 5 of 10
Answer Stats
Question Answer % Correct
Which city borders Irvine to the southwest? Newport Beach
78%
Irvine was named after James Irvine. What was his occupation? Rancher
70%
What water park is located in Irvine? Wild Rivers
65%
What sports organization is based in Irvine? USA Water Polo
52%
What year was Irvine incorporated? 1971
48%
What fast food chain is currently headquartered in Irvine? In-N-Out Burger
48%
Olympist Amanda Beard was born in Irvine. She holds the former world record for what category? 200-Meter Breaststroke
39%
Which country listed here does NOT have a sister city with Irvine? Ukraine
35%
Which flower represents Irvine? Lily of the Nile
13%
In the late 1910s, much of Irvine was dedicated to grow what crop? Lima Beans
9%
No matching quizzes found
Score Distribution
Percent of People with Each Score
Percentile by Number Answered
Your Score History
You have not taken this quiz